Calculus with analytic Geometry, 5/e (Record no. 274748)
[ view plain ]
| 000 -LEADER | |
|---|---|
| fixed length control field | 00279 a2200121 4500 |
| 001 - CONTROL NUMBER | |
| control field | 39675 |
| 082 ## - DEWEY DECIMAL CLASSIFICATION NUMBER | |
| Classification number | 515.15ANT |
| 090 ## - LOCALLY ASSIGNED LC-TYPE CALL NUMBER (OCLC); LOCAL CALL NUMBER (RLIN) | |
| -- | 24695 |
| -- | 24695 |
| 100 ## - MAIN ENTRY--PERSONAL NAME | |
| Personal name | Anton Howard |
| 245 ## - TITLE STATEMENT | |
| Title | Calculus with analytic Geometry, 5/e |
| 250 ## - EDITION STATEMENT | |
| Edition statement | 5 |
| 260 ## - PUBLICATION, DISTRIBUTION, ETC. | |
| Place of publication, distribution, etc. | New York |
| Name of publisher, distributor, etc. | John Wiley |
| Date of publication, distribution, etc. | 1995 |
| 942 ## - ADDED ENTRY ELEMENTS (KOHA) | |
| Institution code [OBSOLETE] | NUST-CAE |
| Call number prefix | 515.15ANT |
| Withdrawn status | Lost status | Damaged status | Not for loan | Collection code | Permanent Location | Current Location | Date acquired | Total Checkouts | Full call number | Barcode | Date last seen | Price effective from | Koha item type |
|---|---|---|---|---|---|---|---|---|---|---|---|---|---|
| College of Aeronautical Engineering (CAE) | College of Aeronautical Engineering (CAE) | 04/03/2017 | 515.15ANT | CAE68114 | 04/05/2017 | 04/05/2017 | Book |
